000 00236nam a2200097Ia 4500
008 230915s9999 xx 000 0 und d
050 _aQR 41.2 .T38 1986
100 _aTAURO P.
245 3 _aAN INTRODUCTION TO MICROBIOLOGY
942 _cBK
999 _c194078
_d194078